Statistics for Biggest bordering country

Click here to take the quiz!

General Stats

  • This quiz has been taken 12 times
  • The average score is 14 of 15

Answer Stats

HintAnswer% Correct
TunisiaAlgeria
100%
BrazilArgentina
100%
RussiaChina
100%
GermayFrance
100%
BangladeshIndia
100%
ChinaRussia
100%
MexicoUSA
100%
Papua new GuineaIndonesia
92%
UzbekistanKazakhstan
92%
EswatiniSouth Africa
92%
United KingdomSpain
92%
BulgariaTurkey
92%
FranceBrazil
83%
EgyptSudan
83%
DenmarkCanada
67%

Score Distribution

Percentile by Number Answered

Percent of People with Each Score

Your Score History

You have not taken this quiz